Agronomy Of Cereals, Millets And Pulses/ (Record no. 186486)
[ view plain ]
| 000 -LEADER | |
|---|---|
| fixed length control field | 00603nam a22001937a 4500 |
| 005 - DATE AND TIME OF LATEST TRANSACTION | |
| control field | 20220307142414.0 |
| 010 ## - LCCN (DPL NO) | |
| LC control number | ENG-131855 |
| 020 ## - INTERNATIONAL STANDARD BOOK NUMBER | |
| International Standard Book Number | 9789381236246 |
| Terms of availability | 100.00 |
| 035 ## - SYSTEM CONTROL NUMBER | |
| System control number | EN-115387 |
| 037 ## - SOURCE OF ACQUISITION | |
| Source of stock number/acquisition | DBAD/PUB |
| 082 ## - DEWEY DECIMAL CLASSIFICATION NUMBER | |
| Classification number | 633.1 |
| Item number | 1 |
| 100 ## - MAIN ENTRY--PERSONAL NAME | |
| Personal name | SUDHAKAR, P. |
| 245 ## - TITLE STATEMENT | |
| Title | Agronomy Of Cereals, Millets And Pulses/ |
| Statement of responsibility, etc | P.Sudhakar & S. Ramesh |
| 260 ## - PUBLICATION, DISTRIBUTION, ETC. (IMPRINT) | |
| Place of publication, distribution, etc | Chidambaram |
| Name of publisher, distributor, etc | Sri Velan Pathipagam |
| Date of publication, distribution, etc | 2013 |
| 270 ## - ADDRESS | |
| Address | 5/132, S.P.Koil Street |
| City | Chidambaram |
| Postal code | 608001 |
| 300 ## - PHYSICAL DESCRIPTION | |
| Extent | 263p |
| Dimensions | 21cm(pbk) |
| Other physical details | Bibliography, Annexure & plates |
| 700 ## - ADDED ENTRY--PERSONAL NAME | |
| Personal name | Ramesh, S. |
| 942 ## - ADDED ENTRY ELEMENTS (KOHA) | |
| Source of classification or shelving scheme | Dewey Decimal Classification |
| Item type | English Books |
| Classification part | 633.1 |
| Call number suffix | SUD |
No items available.
